| 000 | 01700nam a2200205 4500 | ||
|---|---|---|---|
| 005 | 20250329165448.0 | ||
| 008 | 170718s2020 000 0 eng d | ||
| 040 |
_aCO-CtgCURN _bspa _ccoctgcurn |
||
| 082 | 0 |
_aINS 2020 _bV122 |
|
| 100 | 1 | _aVega Villalba, Yugeidis. | |
| 245 | 1 | 0 |
_aDesarrollo de la tecnología 5G en Colombia / _cLuis Manuel Montoya Yepes. |
| 260 |
_aCartagena de Indias : _bCorporación Universitaria Rafael Nuñez, _c2020. |
||
| 300 | _a15 hojas. | ||
| 504 | _aTrabajo de grado (Ingeniero de Sistemas). Corporación Universitaria Rafael Nuñez. Facultad de Ingenieria. Ingenieria de Sistemas, 2020. | ||
| 520 | _a"El presente estudio tiene como propósito evaluar la posible llegada de la tecnología 5G a Colombia, esta tecnología no solo pretenderá ampliar la capacidad de redes, dar un nuevo impulso a las comunicaciones móviles si no, también brindara un marco tecnológico necesario para el desarrollo masivo del internet de las cosas e inteligencia artificial para cualquier tipo de usuario. Esta tecnología integra nuevos nivel de flexibilidad, agilidad y seguridad, con la finalidad que la red 5G pueda prestar un mejor servicio que la red actual móvil 4G donde esta pueda satisfacer las necesidades de una enorme variedad de tipos de usuarios y de conexiones." | ||
| 650 | 0 |
_aIngenieria de sistemas _xTesis y disertaciones academicas. |
|
| 856 | 7 |
_zClick aqui para ver el recurso en texto completo _uhttps://unicurn.sharepoint.com/:b:/s/biblioteca/EQ599ukpKNBPskqWx2eRYUoB2w4a5ynfDbCoBg5w4Q__DA?e=CGbb4G |
|
| 942 |
_hINS 2020 _iV122 _2ddc _cTG |
||
| 999 |
_c4821 _d4821 |
||